00524 2200193 4500001002100000005001500021035002000036007000300056008004100059020001500100082001100115084001700126100001900143245007300162250001000235260004000245300003600285990000900321INLIS00000000001126320220426102501 a0010-0422000062ta220426 g 0 ind  a979335707X a636.59 a636.59 BUD m0 aBUDIMAN, Arief1 aMeningkatakan Populasi dan Produktivitas Walet /cDrs. Arief Budiman aCet.1 aJakarta :bAgromedia Pustaka,c2003 avii, 72 hlm :b.ilus ;c23,5 cm a366A